000 00721nam a2200265Ia 4500
003 OSt
005 20220927114819.0
006 a|||||r|||| 00| 0
007 ta
008 220926b |||||||| |||| 00| 0 eng d
020 _a0030717140
024 _a28605
037 _cThesis and Dissertations
040 _aRTL
_cRTL
_beng
041 _2eng
_aeng
082 _a"X:54-8, M4"
100 _aKaynak Erdener Ed.
_9389377
245 0 _aIntranational Marketing Management
260 _aNY
_bPraeger
_c1984
300 _a"xxii,361p"
_ccm.
500 _aBibliography: P 345-54
650 _aAustralia
942 _h"X:54-8, M4"
_cCC
999 _c705130
_d705130